000
00292nam a2200121Ia 4500
008
190216s9999||||xx |||||||||||||| ||und||
100
_a
Narayana Kuruo
245
2
_a
A Concise Text Book Of Mechanics
260
_b
Kerala University
_c
1983
300
_a
314p
650
_a
Physics
942
_c
BK
999
_c
33211
_d
33211